The Oxford 3000 - Letter S - Translate from Polish to English - Statystyki

Ogólne statystyki
  • Ten quiz został rozwiązany 16 razy
  • Średni wynik to 133 z 343
Statystyki odpowiedzi
Polish Angielski % Poprawnych
bezpieczny safe
100%
smutny; przykry sad
88%
kanapka sandwich
88%
Sobota Saturday
88%
szkoła school
88%
morze sea
88%
drugi; sekunda second
88%
sekret; sekretny; tajny secret
88%
owca sheep
88%
śpiewać sing
88%
śpiewanie singing
88%
mydło soap
88%
bezpieczeństwo safety
75%
sałatka; surówka salad
75%
wynagrodzenie; pensja salary
75%
ten sam; taki sam; to samo; tak samo same
75%
piasek; piach sand
75%
mówić; powiedzieć say
75%
skanować; skan scan
75%
straszny scary
75%
scena scene
75%
skrypt; scenariusz script
75%
pora roku; sezon season
75%
sekretarz/sekretarka secretary
75%
sektor sector
75%
widzieć; zobaczyć; ujrzeć see
75%
Wrzesień September
75%
poważnie; serio seriously
75%
sesja session
75%
płeć; seks sex
75%
ona she
75%
koszula shirt
75%
szok; wstrząs; szokować shock
75%
zszokowany shocked
75%
but shoe
75%
sklep; robić zakupy shop
75%
zakupy shopping
75%
krótki; niski short
75%
nieśmiały shy
75%
chory sick
75%
sygnał; sygnalizować signal
75%
piosenkarz; śpiewak singer
75%
siostra sister
75%
sytuacja situation
75%
jeździć na nartach; narta ski
75%
skóra skin
75%
niebo sky
75%
spać; sen sleep
75%
mądry; inteligentny; elegancki smart
75%
smartfon smartphone
75%
pachnieć; zapach smell
75%
uśmiechać się; uśmiech smile
75%
wąż snake
75%
śnieg; padać śnieg snow
75%
czasami sometimes
75%
gdzieś somewhere
75%
syn son
75%
wkrótce soon
75%
dusza soul
75%
zupa soup
75%
specjalista; specjalistyczny specialist
75%
pająk spider
75%
sponsorować; sponsor sponsor
75%
sport sport
75%
wiosna; wyskakiwać; pojawiać się nagle spring
75%
gwiazda; występować (w filmie) star
75%
sprzedaż; wyprzedaż sale
63%
sól salt
63%
sos sauce
63%
wynik; punkt; muzyka filmowa; zdobyć punkt; osiągnąć score
63%
krzyk; krzyczeć scream
63%
sekcja; dział; przekrój section
63%
wybrać; wytypować; dobrać select
63%
wybór; dobór; selekcja selection
63%
sprzedawać sell
63%
wysłać; przesłać; send
63%
poważny serious
63%
seksualny; płciowy sexual
63%
statek; wysyłać; transportować ship
63%
powinien; powinna; powinno(modalny czasownik) should
63%
prysznic shower
63%
srebro; srebrny silver
63%
pan (forma grzecznościowa) sir
63%
siedzieć sit
63%
rozmiar; wielkość size
63%
narciarstwo; jazda na nartach skiing
63%
spódnica skirt
63%
wolny; powolny; zwalniać slow
63%
tak; więc; bardzo so
63%
piłka nożna soccer
63%
skarpeta sock
63%
miękki; delikatny soft
63%
żołnierz soldier
63%
coś something
63%
piosenka song
63%
przepraszam; przykro mi sorry
63%
rodzaj; typ; sortować sort
63%
dźwięk; brzmieć sound
63%
południe; południowy; na południe south
63%
mówić speak
63%
mówca; głośnik speaker
63%
specjalny; wyjątkowy special
63%
spędzać (czas); wydawać (pieniądze) spend
63%
łyżka spoon
63%
standard; standardowy standard
63%
stacja station
63%
satelita satellite
50%
zapisać; uratować; oszczędzać save
50%
skala; podziałka; skalować scale
50%
naukowiec scientist
50%
ekran; projekcja; osłona; wyświetlać; sprawdzać; osłaniać screen
50%
przeszukać; wyszukiwanie search
50%
nasiono; nasienie seed
50%
serial; ciąg; seria series
50%
trząść; potrząsać; wstrząs; potrząśnięcie; koktajl mleczny shake
50%
dzielić się; udostępniać; udział; część share
50%
skorupa; muszla; łuska shell
50%
strzelać; fotografować shoot
50%
strona; bok side
50%
znak; oznaka; podpisywać sign
50%
jedwab silk
50%
podobny similar
50%
pojedynczy; samotny; wolny; singiel; osoba stanu wolnego single
50%
powoli slowly
50%
mały small
50%
dym; palić (papierosy) smoke
50%
palenie (papierosów) smoking
50%
oprogramowanie software
50%
słoneczny; solarny solar
50%
jakiś; trochę; niektórzy some
50%
ktoś(b) somebody
50%
prędkość; pędzić; przyspieszać speed
50%
duch; nastrój; duchowość spirit
50%
zaczynać; początek start
50%
statystyka statistic
50%
żołądek stomach
50%
kamień stone
50%
historia; opowieść story
50%
nieznajomy stranger
50%
strategia strategy
50%
ulica street
50%
stres; stresować się stress
50%
słońce sun
50%
żagiel; żeglować sail
38%
usatysfakcjonować; zadowalać; zaspokoić satisfy
38%
przestraszony scared
38%
nauka science
38%
siedziba; siedzenie; siedzisko; posadzić; mieć miejsca dla; osadzić seat
38%
starszy; osoba starsza senior
38%
zmysł; sens; rozsądek; poczucie; wyczuwać; przeczuwać; rozumieć sense
38%
wrażliwy; czuły sensitive
38%
usługa; serwis; służba service
38%
ustawić; ustalić; nastawić; zachodzić; zestaw; komplet; seria set
38%
wstyd; hańba shame
38%
kształt; forma; kształtować; formować shape
38%
półka shelf
38%
zmiana (np. w pracy); przesunięcie; zmieniać; przesuwać shift
38%
świecić; błyszczeć shine
38%
błyszczący shiny
38%
strzelanina; sesja zdjęciowa shooting
38%
strzał; ujęcie (filmowe); zastrzyk shot
38%
bark; ramię shoulder
38%
pokazywać; pokaz; program show
38%
cichy; milczący silent
38%
prosty; łatwy simple
38%
tonąć; opadać; zlew sink
38%
umiejętność skill
38%
but sportowy sneaker
38%
społeczny; towarzyski social
38%
społeczeństwo society
38%
stały; solidny; bryła solid
38%
rozwiązanie solution
38%
rozwiązywać solve
38%
ktoś(o) someone
38%
przestrzeń; miejsce; kosmos space
38%
pikantny spicy
38%
kwadratowy; kwadrat; plac square
38%
posąg; statua statue
38%
status; pozycja status
38%
kraść steal
38%
stal steel
38%
krok; stopień; zrobić krok step
38%
prosto; prosty straight
38%
dziwny; obcy strange
38%
struktura; strukturyzować structure
38%
uczeń; student student
38%
studio studio
38%
nauka; studiować; uczyć się study
38%
styl style
38%
przedmiot (szkolny); temat; podlegający subject
38%
cukier sugar
38%
sugestia; propozycja suggestion
38%
garnitur; pasować; odpowiadać suit
38%
suma; sumować sum
38%
lato summer
38%
Niedziela Sunday
38%
supermarket supermarket
38%
sweter sweater
38%
pływać; pływanie swim
38%
pływanie swimming
38%
niestety sadly
25%
żeglarstwo; żaglowanie; żegluga sailing
25%
marynarz; żeglarz sailor
25%
zadowolony; usatysfakcjonowany satisfied
25%
oszczędność; oszczędzanie saving
25%
zabezpieczać; bezpieczny secure
25%
bezpieczeństwo; zabezpieczenie; ochrona security
25%
jaźń; własna osoba; tożsamość self
25%
senator senator
25%
ustawienie setting
25%
cień shadow
25%
ostry; bystry; nagły sharp
25%
prześcieradło; arkusz sheet
25%
widok; wzrok sight
25%
głupi; niemądry; głupawy silly
25%
od; odkąd; od tamtej pory; ponieważ since
25%
miejsce; teren; strona internetowa site
25%
niewolnik slave
25%
plasterek; kroić w plastry slice
25%
źródło source
25%
przemówienie; mowa speech
25%
literować spell
25%
duchowy spiritual
25%
stadion stadium
25%
personel staff
25%
znaczek (pocztowy); pieczątka stamp
25%
stać; stanowisko; stoisko stand
25%
zostać; przebywać; pobyt stay
25%
przyklejać; wbijać; patyk; kij stick
25%
lepki sticky
25%
nadal; wciąż; nieruchomy; spokojny still
25%
zatrzymać się; przystanek stop
25%
burza storm
25%
uderzyć; strajk strike
25%
silny strong
25%
głupi stupid
25%
metro subway
25%
sugerować; proponować suggest
25%
niespodzianka; zaskoczyć surprise
25%
zaskoczony surprised
25%
zaskakujący surprising
25%
podejrzewać; podejrzany suspect
25%
słodki sweet
25%
symbol symbol
25%
próbka; egzemplarz próbny; pobierać próbkę; próbować; testować sample
13%
harmonogram; rozkład; plan; zaplanować; ustalić termin schedule
13%
rzeźba; rzeźbiarstwo sculpture
13%
drugorzędny; wtórny; mniej ważny secondary
13%
aktywnie szukać; dążyć seek
13%
sensowny; racjonalny sensible
13%
zdanie; sentence
13%
służyć; obsługiwać; podawać serve
13%
odcień; niuans; roleta shade
13%
będzie; czy mamy(propozycja, formalna przyszłość, obowiązek; modalny czasownik) shall
13%
schronienie; schron; chronić; dawać schronienie shelter
13%
krzyczeć; krzyk shout
13%
zamykać; zamknięty shut
13%
cisza; milczenie silence
13%
podobieństwo similarity
13%
po prostu; zwyczajnie simply
13%
ślizgać się; zjeżdżać; poślizg slide
13%
poślizgnąć się; wymknąć się slip
13%
gleba; ziemia soil
13%
południowy southern
13%
pisownia; ortografia spelling
13%
wydatki spending
13%
dzielić; rozdzielać; podział split
13%
mówiony spoken
13%
scena; etap; wystawiać; organizować stage
13%
stopień schodów stair
13%
gapić się; wpatrywać się stare
13%
oświadczenie; stwierdzenie statement
13%
sklep; przechowywać store
13%
siła strength
13%
surowy; rygorystyczny strict
13%
sznurek; struna string
13%
substancja substance
13%
sukces success
13%
odnoszący sukces successful
13%
podsumowanie summary
13%
wspierać; wsparcie support
13%
zwolennik; kibic supporter
13%
pewny; na pewno sure
13%
powierzchnia surface
13%
operacja chirurgiczna surgery
13%
ankieta; badanie; badać; przeprowadzać ankietę survey
13%
przetrwać survive
13%
przełączać; przełącznik switch
13%
system; układ; ustrój system
13%
naukowy scientific
0%
sprawiać wrażenie; wyglądać na seem
0%
senat senate
0%
oddzielać; rozdzielać; oddzielny; odrębny; rozdzielny separate
0%
sekwencja sequence
0%
sługa; służący servant
0%
osiedlić się; rozwiązać; uregulować; uspokoić się; zdecydować się settle
0%
kilka; parę; pewna liczba (więcej niż 2, ale nie bardzo dużo, używane tylko z rzeczownikami policzalnymi w liczbie mnogiej) several
0%
poważny; ostry; surowy severe
0%
płytki; powierzchowny shallow
0%
znaczący; istotny significant
0%
znacząco; istotnie significantly
0%
podobnie similarly
0%
szczery; prawdziwy sincere
0%
lekki; niewielki; nieznaczny slight
0%
lekko; nieco; nieznacznie slightly
0%
zbocze; stok; nachylać się slope
0%
gładki; płynny smooth
0%
nieco; do pewnego stopnia somewhat
0%
gatunek (l.p. i l.mn. taka sama forma) species
0%
konkretny; szczegółowy specific
0%
konkretnie; w szczególności specifically
0%
miejsce; plama; zauważyć; dostrzec spot
0%
rozprzestrzeniać się; rozprzestrzenianie; zakres spread
0%
stabilny stable
0%
stan; państwo; państwowy; stwierdzać state
0%
stały; stabilny steady
0%
stromy steep
0%
sztywny stiff
0%
zapas; akcje (giełdowe) stock
0%
kuchenka stove
0%
strumień; strumień danych stream
0%
rozciągać się; rozciąganie stretch
0%
mocno; zdecydowanie strongly
0%
zmagać się; walka; trudność struggle
0%
rzeczy; wypychać; pakować stuff
0%
złożyć (np. dokument); poddać submit
0%
odnieść sukces; udać się succeed
0%
z powodzeniem successfully
0%
taki; takiego rodzaju such
0%
nagły sudden
0%
nagle suddenly
0%
cierpieć suffer
0%
odpowiedni suitable
0%
podsumować summarize
0%
dostawa; zaopatrzenie; dostarczać; zaopatrywać supply
0%
przypuszczać; zakładać suppose
0%
z pewnością surely
0%
otaczać surround
0%
okoliczny; otaczający surrounding
0%
przysięgać; przeklinać swear
0%
zamiatać sweep
0%
współczucie; sympatyzowanie sympathy
0%
objaw symptom
0%
Nie znaleziono quizów pasujących do podanych kryteriów
Rozkład punktacji
Procent ludzi z każdym wynikiem
Percentyl według liczby udzielonych odpowiedzi
Twoja historia wyników
Nie rozwiązałeś tego quizu